<?xml version="1.0" encoding="UTF-8"?>
<record
    xmlns:xsi="http://www.w3.org/2001/XMLSchema-instance"
    xsi:schemaLocation="http://www.loc.gov/MARC21/slim http://www.loc.gov/standards/marcxml/schema/MARC21slim.xsd"
    xmlns="http://www.loc.gov/MARC21/slim">

  <leader>00861nam a22001937a 4500</leader>
  <datafield tag="999" ind1=" " ind2=" ">
    <subfield code="c">147428</subfield>
    <subfield code="d">147428</subfield>
  </datafield>
  <controlfield tag="005">20230519153946.0</controlfield>
  <datafield tag="010" ind1=" " ind2=" ">
    <subfield code="a">UR-9936</subfield>
  </datafield>
  <datafield tag="020" ind1=" " ind2=" ">
    <subfield code="c">60.00</subfield>
    <subfield code="a">-</subfield>
  </datafield>
  <datafield tag="035" ind1=" " ind2=" ">
    <subfield code="a">U-8491</subfield>
  </datafield>
  <datafield tag="037" ind1=" " ind2=" ">
    <subfield code="b">DBAD/PUB</subfield>
  </datafield>
  <datafield tag="082" ind1=" " ind2=" ">
    <subfield code="a">270</subfield>
  </datafield>
  <datafield tag="100" ind1=" " ind2=" ">
    <subfield code="a">&#x641;&#x627; &#x631; &#x648; &#x642;&#x6CC; &#x639;&#x628;&#x62F; &#x627; &#x644;&#x642;&#x627; &#x62F; &#x631; &#x63A;&#x6CC;&#x627; &#x62B; &#x627; &#x644;&#x62F; &#x6CC;&#x646;</subfield>
  </datafield>
  <datafield tag="245" ind1=" " ind2=" ">
    <subfield code="a">&#x642;&#x631; &#x622; &#x646; &#x627; &#x648; &#x631; &#x639;&#x638;&#x645;&#x62A;  &#x627;&#x646;&#x633;&#x627; &#x646; /</subfield>
    <subfield code="c">&#x639;&#x628;&#x62F; &#x627;  &#x644;&#x642;&#x627; &#x62F; &#x631; &#x63A;&#x6CC;&#x627; &#x62B; &#x627; &#x644;&#x62F; &#x6CC;&#x646; &#x641;&#x627; &#x631; &#x648; &#x642;&#x6CC;  </subfield>
  </datafield>
  <datafield tag="246" ind1=" " ind2=" ">
    <subfield code="a">Quran Aur Azmat-e-Insan /</subfield>
    <subfield code="b">by Abdul Qadir Ghyasuddin Farooqui                                                                                                                                </subfield>
  </datafield>
  <datafield tag="260" ind1=" " ind2=" ">
    <subfield code="a">Karnataka</subfield>
    <subfield code="b">Sakafia Educational Trust,Sakaf Roza</subfield>
    <subfield code="c">2015</subfield>
  </datafield>
  <datafield tag="270" ind1=" " ind2=" ">
    <subfield code="a">Sakaf Roza Vijayapur.</subfield>
    <subfield code="b">Karnataka State</subfield>
    <subfield code="e">586101</subfield>
    <subfield code="k">9448210505</subfield>
    <subfield code="l">-</subfield>
  </datafield>
  <datafield tag="300" ind1=" " ind2=" ">
    <subfield code="a">64 &#x635;  </subfield>
    <subfield code="c">22cm(Hb)     </subfield>
  </datafield>
  <datafield tag="942" ind1=" " ind2=" ">
    <subfield code="2">ddc</subfield>
    <subfield code="c">UR</subfield>
    <subfield code="h">270</subfield>
    <subfield code="m">&#x641; &#x627; &#x631; </subfield>
  </datafield>
  <datafield tag="952" ind1=" " ind2=" ">
    <subfield code="0">0</subfield>
    <subfield code="1">0</subfield>
    <subfield code="4">0</subfield>
    <subfield code="7">0</subfield>
    <subfield code="8">NFIC</subfield>
    <subfield code="a">BL4</subfield>
    <subfield code="b">BL4</subfield>
    <subfield code="d">2017-11-15</subfield>
    <subfield code="e">DBAD/PUB.</subfield>
    <subfield code="g">60.00</subfield>
    <subfield code="l">0</subfield>
    <subfield code="o">270 &#x641; &#x627; &#x631;</subfield>
    <subfield code="p">U-8491</subfield>
    <subfield code="r">2017-11-15 00:00:00</subfield>
    <subfield code="t">1</subfield>
    <subfield code="v">60.00</subfield>
    <subfield code="y">UR</subfield>
  </datafield>
</record>
